| 000 | 00510nam a22001817a 4500 | ||
|---|---|---|---|
| 999 |
_c19012 _d19012 |
||
| 008 | 210702b xxu||||| |||| 00| 0 eng d | ||
| 020 | _a0749467142 | ||
| 050 |
_aHF5719 _b.F67 2013 c.1 |
||
| 100 | _aForsyth, Patrick | ||
| 245 |
_aHow to write reports and proposals _cPatrick Forsyth |
||
| 250 | _a3rd ed. | ||
| 260 |
_aNew Delhi _bKoganpage _c2013 |
||
| 300 | _ax, 138p. | ||
| 650 | _aBusiness report writing | ||
| 650 | _aProposal writing in business | ||
| 650 | _aBusiness writing | ||
| 942 |
_2lcc _cBK |
||